Invitation to computer science : (Record no. 365)
[ view plain ]
| 000 -LEADER | |
|---|---|
| fixed length control field | 00667cac a22002051u 4500 |
| 008 - FIXED-LENGTH DATA ELEMENTS--GENERAL INFORMATION | |
| fixed length control field | 081108t2004 xxu||||| |||| 00| 0 eng d |
| 010 ## - LIBRARY OF CONGRESS CONTROL NUMBER | |
| LC control number | 2003113867 |
| 020 ## - INTERNATIONAL STANDARD BOOK NUMBER | |
| International Standard Book Number | 0534390978 |
| 020 ## - INTERNATIONAL STANDARD BOOK NUMBER | |
| International Standard Book Number | 0534465455 |
| 035 ## - SYSTEM CONTROL NUMBER | |
| System control number | (DLC) 2003113867 |
| 082 ## - DEWEY DECIMAL CLASSIFICATION NUMBER | |
| Classification number | 004.21 |
| Item number | SCH |
| Edition number | 22 |
| 245 10 - TITLE STATEMENT | |
| Title | Invitation to computer science : |
| Remainder of title | C++ version / |
| Statement of responsibility, etc | G. Michael Schneider, Judith L. Gersting ; Judith L. Gersting |
| 250 ## - EDITION STATEMENT | |
| Edition statement | 3rd ed. |
| 260 ## - PUBLICATION, DISTRIBUTION, ETC. (IMPRINT) | |
| Place of publication, distribution, etc | Belmont, CA : |
| Name of publisher, distributor, etc | Brooks Cole, |
| Date of publication, distribution, etc | 2004. |
| 300 ## - PHYSICAL DESCRIPTION | |
| Extent | 715 p. ; |
| Dimensions | 28 cm. |
| 650 ## - SUBJECT ADDED ENTRY--TOPICAL TERM | |
| Topical term or geographic name as entry element | Computer science |
| 9 (RLIN) | 33366 |
| 700 ## - ADDED ENTRY--PERSONAL NAME | |
| Personal name | Gersting, Judith L. |
| 9 (RLIN) | 33367 |
| 700 ## - ADDED ENTRY--PERSONAL NAME | |
| Personal name | Miller, Keith (contributing author) |
| 9 (RLIN) | 33368 |
| 942 ## - ADDED ENTRY ELEMENTS (KOHA) | |
| Item type | Book - Borrowing |
| Call number prefix | 004.21 SCH |
| Source of classification or shelving scheme | Dewey Decimal Classification |
| Withdrawn status | Item status | Damaged status | Not for loan | Home library | Current library | Shelving location | Date acquired | Source of acquisition | Total Checkouts | Full call number | Barcode | Date last seen | Koha item type |
|---|---|---|---|---|---|---|---|---|---|---|---|---|---|
| Central Library | Central Library | Lower Floor | 28/03/2006 | Purchase | 004.21 SCH | 000004273 | 15/07/2025 | Book - Borrowing |